000 01694nam0a2200361 4500
001 RU\NLR\BIBL_A\011574405
005 20250803041304.0
010 _a978-5-9765-0256-7
_bФЛИНТА
_d300 экз.
_9300
010 _a978-5-02-034758-8
_bНаука
021 _aRU
_b2017-93682
_96718
035 _a(NLR Aleph) 011574405
035 _a(RuMoRGB)009477931
090 _a10814606
_c10814606
100 _a20171226d2018 |||y0rusy50 ca
101 0 _arus
102 _aRU
105 _a||||zzzz0|1zy
200 1 _aСтилистика русского языка
_eучебник
_eдля студентов высших учебных заведений, обучающихся по направлению 050300 - Филологическое образование
_fМ. Н. Кожина, Л. Р. Дускаева, В. А. Салимовский
205 _a7-е изд., стер.
210 _aМосква
_cФЛИНТА
_d2018 [т. е. 2017]
_cНаука
215 _a462, [1] с.
_d21
300 _aКн. фактически изд. в 2017 г.
320 _aБиблиогр.: с. 451-463
606 1 _aРусский язык
_jУчебники для высших учебных заведений
_xСтилистика
_91563135
_3RU\NLR\AUTH\66984157
686 1 _aШ141.12-923-7
700 1 _aКожина
_bМ.Н.
_f1925-2012
_gМаргарита Николаевна
701 1 _aДускаева
_bЛ. Р.
_gЛилия Рашидовна
701 1 _aСалимовский
_bВ. А.
_gВладимир Александрович
942 _cBOOK
980 _aNBR
980 _aNB